000
00336 a2200157 4500
001
47586
020
_a
9788544501269
040
_c
Anchieta - Aquarius
100
_a
Lemniscates
240
1
0
_a
Meus monstros
_l
por
245
1
0
_a
Meus monstros
300
_a
32p.
362
0
_a
2017
650
4
_a
Literatura infanto-juvenil
942
_c
BK
999
_c
47586
_d
47586